[Event "Okanagan op"]
[Site "Salmon Arm"]
[Date "2022.05.07"]
[Round "2.1"]
[White "Sullivan, Brian"]
[Black "Bacon, Craig"]
[Result "1-0"]
[WhiteElo "1463"]
[BlackElo "1865"]
[PlyCount "127"]
[EventDate "2022.05.06"]
[EventType "swiss"]
[EventRounds "5"]
[EventCountry "CAN"]

1. d4 Nf6 2. c4 c5 3. d5 b5 4. e3 g6 5. Nf3 Bg7 6. Nc3 b4 7. Ne2 d6 8. Ng3 O-O
9. Bd3 Bg4 10. h3 Bxf3 11. Qxf3 Nbd7 12. Qe2 a5 13. O-O Ne5 14. Bc2 a4 15. f4
Ned7 16. Rb1 e6 17. e4 exd5 18. exd5 Re8 19. Qf3 Kh8 20. Be3 Nxd5 21. Bf2 Ne3
22. Rbc1 Bd4 23. Be4 Rc8 24. Bxe3 Bxe3+ 25. Qxe3 f5 26. Qf3 fxe4 27. Nxe4 Qe7
28. Nf2 Qe3 29. Qxe3 Rxe3 30. Rfe1 Rce8 31. Kf1 Nb6 32. b3 axb3 33. axb3 Rxe1+
34. Rxe1 Rxe1+ 35. Kxe1 d5 36. cxd5 Nxd5 37. Nd3 Nc3 38. Kf2 Nd5 39. g3 c4 40.
bxc4 Nb6 41. c5 Nd5 42. c6 b3 43. Kf3 Kg7 44. Ke4 Nc7 45. Ke5 Kf7 46. Kd6 Ne8+
47. Kd7 Nf6+ 48. Kc7 Ke7 49. Kb7 h6 50. c7 Ne4 51. Kc6 Nd6 52. Nb2 Ke6 53. Nc4
Nc8 54. Kb7 Ne7 55. c8=Q+ Nxc8 56. Kxc8 Kf5 57. Kd7 g5 58. fxg5 hxg5 59. Ke7
Ke4 60. Nd2+ Ke3 61. Nxb3 Kf3 62. g4 Kg3 63. Kf6 Kh4 64. Kg6 1-0

[Event "Okanagan op"]
[Site "Salmon Arm"]
[Date "2022.05.06"]
[Round "2.2"]
[White "Liu, Zachary"]
[Black "Jiang, William"]
[Result "1-0"]
[WhiteElo "1848"]
[BlackElo "1295"]
[PlyCount "119"]
[EventDate "2022.05.06"]
[EventType "swiss"]
[EventRounds "5"]
[EventCountry "CAN"]

1. e4 c5 2. Nf3 Nc6 3. d4 cxd4 4. Nxd4 Nf6 5. Nc3 e5 6. Ndb5 d6 7. Nd5 Nxd5 8.
exd5 Ne7 9. c3 Ng8 10. Qa4 Bd7 11. Qc4 Rc8 12. Qb4 Qb6 13. Be3 Qd8 14. Nxd6+
Bxd6 15. Qxd6 Ne7 16. Qxe5 O-O 17. Bd3 Ng6 18. Qd4 b6 19. O-O Qc7 20. f4 f5 21.
Rae1 Qb7 22. c4 Rfd8 23. b3 Rc7 24. Bc1 Qc8 25. Bb2 Be8 26. Re2 Rf7 27. Rfe1
Bd7 28. g3 h6 29. h4 Qc5 30. Kh2 Qxd4 31. Bxd4 Bc8 32. h5 Nf8 33. Re7 Rd7 34.
Rxd7 Bxd7 35. b4 Nh7 36. c5 bxc5 37. bxc5 Nf6 38. Bxf6 Rxf6 39. c6 Bc8 40. Re8+
Rf8 41. Rxf8+ Kxf8 42. d6 Be6 43. Ba6 Ke8 44. c7 Kf7 45. c8=Q Bxc8 46. Bxc8 Ke8
47. Bxf5 a5 48. g4 Kd8 49. g5 Ke8 50. Be6 Kd8 51. f5 a4 52. a3 Ke8 53. f6 gxf6
54. g6 Kf8 55. Kg3 f5 56. Kf4 Kg7 57. Ke5 f4 58. d7 f3 59. d8=Q f2 60. Qf6# 1-0

[Event "Okanagan op"]
[Site "Salmon Arm"]
[Date "2022.05.07"]
[Round "3.1"]
[White "Bishop, Greg"]
[Black "Liu, Zachary"]
[Result "0-1"]
[WhiteElo "1594"]
[BlackElo "1848"]
[PlyCount "94"]
[EventDate "2022.05.06"]
[EventType "swiss"]
[EventRounds "5"]
[EventCountry "CAN"]

1. e4 c5 2. g3 d5 3. exd5 Qxd5 4. Qf3 Nf6 5. Nc3 Qxf3 6. Nxf3 a6 7. d3 Nc6 8.
Be3 Bg4 9. Bg2 e6 10. h3 Bh5 11. a3 h6 12. Nd2 Rc8 13. Nde4 Nxe4 14. Nxe4 Nd4
15. Bxd4 cxd4 16. Rc1 Rc7 17. O-O Be7 18. Nd2 Bc5 19. Be4 f6 20. f4 O-O 21. Kg2
Rfc8 22. f5 e5 23. Nb3 Bb6 24. Bd5+ Kf8 25. Be6 Rxc2+ 26. Rxc2 Rxc2+ 27. Rf2
Rxf2+ 28. Kxf2 Be8 29. Nd2 Bc6 30. Nc4 Bc7 31. g4 Ke7 32. Nd2 a5 33. b3 b5 34.
Ne4 Kf8 35. Kf3 Bd6 36. a4 bxa4 37. bxa4 Ke7 38. Ke2 Bxa4 39. Kd2 Bb4+ 40. Ke2
Bc2 41. Ba2 Kd7 42. Nd2 Bxd2 43. Kxd2 Ba4 44. Kc1 Bc6 45. Bb3 Bg2 46. h4 Bh3
47. Bd1 h5 0-1

[Event "Okanagan op"]
[Site "Salmon Arm"]
[Date "2022.05.07"]
[Round "3.2"]
[White "Sullivan, Brian"]
[Black "Taylor, Gordon"]
[Result "0-1"]
[WhiteElo "1463"]
[BlackElo "2108"]
[PlyCount "82"]
[EventDate "2022.05.06"]
[EventType "swiss"]
[EventRounds "5"]
[EventCountry "CAN"]

1. d4 Nf6 2. c4 g6 3. Nc3 Bg7 4. Nf3 O-O 5. e4 d6 6. h3 Nbd7 7. Bd3 e5 8. d5
Nh5 9. O-O Nc5 10. Bc2 Nf4 11. Be3 f5 12. b4 Nd7 13. c5 Nf6 14. Rc1 fxe4 15.
Nxe4 N4xd5 16. Bb3 Be6 17. Neg5 Qe7 18. Nxe6 Qxe6 19. Ng5 Qd7 20. Bxd5+ Kh8 21.
Bb3 d5 22. Nf3 Rfe8 23. Bg5 c6 24. a3 Ne4 25. Bh4 Bf8 26. Re1 Qf5 27. Bc2 Bh6
28. g4 Qf4 29. Bg3 Nxg3 30. Kg2 Ne4 31. Qe2 Rad8 32. Bxe4 dxe4 33. g5 exf3+ 34.
Qxf3 Qxf3+ 35. Kxf3 Bxg5 36. Rcd1 Rxd1 37. Rxd1 Rd8 38. Rd6 Kg8 39. Ke4 Be7 40.
Kxe5 Bxd6+ 41. cxd6 Kf7 0-1

[Event "Okanagan op"]
[Site "Salmon Arm"]
[Date "2022.05.08"]
[Round "4.1"]
[White "Liu, Zachary"]
[Black "Taylor, Gordon"]
[Result "1-0"]
[WhiteElo "1848"]
[BlackElo "2108"]
[PlyCount "49"]
[EventDate "2022.05.06"]
[EventType "swiss"]
[EventRounds "5"]
[EventCountry "CAN"]

1. e4 d6 2. d4 Nf6 3. Nc3 g6 4. f4 c6 5. Nf3 Bg7 6. Be2 O-O 7. Be3 Nbd7 8. Qd2
Qc7 9. h4 Ng4 10. Bg1 e5 11. h5 Ndf6 12. hxg6 fxg6 13. fxe5 dxe5 14. dxe5 Nxe5
15. O-O-O Nxf3 16. Bc4+ Kh8 17. gxf3 Bd7 18. Bh2 Qa5 19. e5 Rad8 20. exf6 Bxf6
21. Ne4 Qxd2+ 22. Rxd2 Bg7 23. Bc7 h5 24. Bxd8 Rxd8 25. Ng5 1-0

[Event "Okanagan op"]
[Site "Salmon Arm"]
[Date "2022.05.08"]
[Round "4.2"]
[White "Bacon, Craig"]
[Black "Ivanescu, Matthew"]
[Result "0-1"]
[WhiteElo "1865"]
[BlackElo "1767"]
[PlyCount "108"]
[EventDate "2022.05.06"]
[EventType "swiss"]
[EventRounds "5"]
[EventCountry "CAN"]

1. e4 e6 2. d4 d5 3. Nc3 dxe4 4. Nxe4 Bd7 5. Nf3 Bc6 6. Bd3 Nd7 7. O-O Ngf6 8.
Bg5 Be7 9. Nxf6+ Bxf6 10. Bf4 Bxf3 11. Qxf3 c6 12. Qe4 Qa5 13. c4 Nb6 14. a3
Rd8 15. b4 Qh5 16. Be5 Bxe5 17. dxe5 Qg6 18. Qxg6 hxg6 19. c5 Rxd3 20. cxb6
axb6 21. Rfd1 Rd5 22. f4 Ke7 23. a4 Rhd8 24. Rxd5 exd5 25. Kf2 c5 26. a5 cxb4
27. axb6 Rc8 28. Ra7 b3 29. Rxb7+ Ke6 30. Ra7 Rb8 31. b7 Ke7 32. Ra1 Rxb7 33.
Rb1 Kd7 34. Ke3 Kc6 35. Kd4 b2 36. Kc3 Kc5 37. Rxb2 Rxb2 38. Kxb2 Kd4 39. Kc2
Ke3 40. g3 d4 41. Kd1 d3 42. Ke1 Kf3 43. Kd2 Ke4 44. Kd1 g5 45. fxg5 Kxe5 46.
h4 g6 47. g4 Kf4 48. h5 Kxg5 49. hxg6 fxg6 50. Kd2 Kxg4 51. Kxd3 Kg3 52. Ke2 g5
53. Ke1 Kg2 54. Ke2 g4 0-1

[Event "Okanagan op"]
[Site "Salmon Arm"]
[Date "2022.05.08"]
[Round "5.1"]
[White "Ivanescu, Matthew"]
[Black "Liu, Zachary"]
[Result "1/2-1/2"]
[WhiteElo "1767"]
[BlackElo "1848"]
[PlyCount "81"]
[EventDate "2022.05.06"]
[EventType "swiss"]
[EventRounds "5"]
[EventCountry "CAN"]

1. d4 d5 2. Bf4 c5 3. e3 Nc6 4. Nf3 Bf5 5. Nbd2 e6 6. Be2 Nf6 7. O-O Be7 8. h3
O-O 9. Nh4 cxd4 10. Nxf5 exf5 11. exd4 Nxd4 12. c3 Nxe2+ 13. Qxe2 Ne4 14. Rad1
Qa5 15. a3 Rfe8 16. Nb3 Qa4 17. Qc2 Nc5 18. Nd4 Qxc2 19. Nxc2 Na4 20. Bc1 g6
21. Rxd5 Red8 22. Re5 Bf6 23. Ree1 Nc5 24. Ne3 Nd3 25. Re2 Nxc1 26. Rxc1 Rd3
27. Rd1 Rxd1+ 28. Nxd1 Rd8 29. Ne3 Bg5 30. Kf1 b5 31. Ke1 h5 32. Nc2 Kf8 33.
Nd4 a6 34. Nc6 Rd6 35. Nb4 h4 36. Nc2 Re6 37. Rxe6 fxe6 38. Kd1 Be7 39. Nb4
Bxb4 40. axb4 Ke7 41. Kd2 1/2-1/2

[Event "Okanagan op"]
[Site "Salmon Arm"]
[Date "2022.05.08"]
[Round "5.2"]
[White "Taylor, Gordon"]
[Black "Wu, Nicholas"]
[Result "1-0"]
[WhiteElo "2108"]
[BlackElo "1244"]
[PlyCount "75"]
[EventDate "2022.05.06"]
[EventType "swiss"]
[EventRounds "5"]
[EventCountry "CAN"]

1. c4 g6 2. d4 Nf6 3. Nc3 Bg7 4. e4 d6 5. f4 O-O 6. Be2 Nbd7 7. Nf3 c5 8. d5
Qc7 9. O-O a6 10. Qc2 Rb8 11. h3 Qa5 12. Bd2 Nh5 13. Kh2 Qc7 14. g4 Nhf6 15.
Nd1 a5 16. Bc3 b6 17. e5 Ne8 18. Qe4 f5 19. gxf5 Rxf5 20. Ne3 Rf8 21. Ng5 Qb7
22. Ne6 Rf7 23. Nd8 Qc7 24. Nxf7 Kxf7 25. e6+ Kg8 26. exd7 Qxd7 27. Bg4 Qc7 28.
Bxg7 Nxg7 29. Bxc8 Rxc8 30. f5 Nxf5 31. Nxf5 Re8 32. Qe6+ Kh8 33. Qf7 gxf5 34.
Qxe8+ Kg7 35. Rg1+ Kf6 36. Qh8+ Kf7 37. Rg8 Qd8 38. Qg7# 1-0

[Event "Ontario op"]
[Site "Toronto CAN"]
[Date "2022.05.21"]
[Round "1.1"]
[White "Preotu, Razvan"]
[Black "Li, William"]
[Result "1-0"]
[WhiteElo "2629"]
[BlackElo "2275"]
[PlyCount "63"]
[EventDate "2022.05.21"]
[EventType "swiss"]
[EventRounds "6"]
[EventCountry "CAN"]

1. e4 c5 2. Nf3 d6 3. d4 cxd4 4. Nxd4 Nf6 5. Nc3 a6 6. Rg1 g6 7. g4 Bg7 8. g5
Nfd7 9. Be3 Nc5 10. Bg2 Nbd7 11. h3 Ne5 12. b3 e6 13. Qd2 Qa5 14. O-O-O b5 15.
f4 Qa3+ 16. Kb1 b4 17. Nce2 Ned7 18. e5 d5 19. Nc6 Bb7 20. Qxb4 Qxb4 21. Nxb4
h6 22. h4 hxg5 23. hxg5 Rh2 24. Nd4 a5 25. Nd3 Ne4 26. Bxe4 dxe4 27. Nf2 Ke7
28. Nb5 a4 29. b4 Bd5 30. Nd6 Rb8 31. a3 Nb6 32. Bxb6 1-0

[Event "Ontario op"]
[Site "Toronto CAN"]
[Date "2022.05.21"]
[Round "1.2"]
[White "Malek, Omid"]
[Black "Sambuev, Bator"]
[Result "0-1"]
[WhiteElo "2266"]
[BlackElo "2568"]
[PlyCount "56"]
[EventDate "2022.05.21"]
[EventType "swiss"]
[EventRounds "6"]
[EventCountry "CAN"]

1. d4 Nf6 2. Bg5 e6 3. e4 h6 4. Bxf6 Qxf6 5. c3 d6 6. Nd2 g6 7. Bd3 Bg7 8. Ne2
e5 9. O-O O-O 10. f4 exd4 11. Nxd4 Nc6 12. N2b3 Bd7 13. Qf3 Nxd4 14. Nxd4 c5
15. Ne2 b5 16. Rad1 Bc6 17. Qf2 Rfe8 18. Ng3 h5 19. Rfe1 Rab8 20. Bb1 b4 21.
Re3 bxc3 22. bxc3 Bh6 23. Ne2 Rb2 24. g3 Qe6 25. e5 Qc4 26. Bd3 Qd5 27. Kf1
dxe5 28. Re1 exf4 0-1

[Event "Ontario op"]
[Site "Toronto CAN"]
[Date "2022.05.21"]
[Round "1.3"]
[White "Noritsyn, Nikolay"]
[Black "Li, Yunshan"]
[Result "1-0"]
[WhiteElo "2566"]
[BlackElo "2262"]
[PlyCount "63"]
[EventDate "2022.05.21"]
[EventType "swiss"]
[EventRounds "6"]
[EventCountry "CAN"]

1. e4 e6 2. d4 d5 3. Nc3 Nf6 4. e5 Nfd7 5. Nce2 c5 6. c3 Nc6 7. Nf3 a6 8. h4 b5
9. Nf4 cxd4 10. cxd4 Bb4+ 11. Bd2 Qa5 12. Bd3 Bxd2+ 13. Qxd2 Qxd2+ 14. Kxd2 Ke7
15. Rh3 Nb6 16. b3 b4 17. Rg3 g6 18. h5 Bd7 19. Rh1 a5 20. hxg6 hxg6 21. Rgh3
Rxh3 22. Rxh3 Be8 23. Rh7 Kf8 24. Bb5 Kg8 25. Ng5 Nxd4 26. Bxe8 Rxe8 27. Rxf7
a4 28. Nxg6 axb3 29. axb3 Nxb3+ 30. Kd1 Nc8 31. Rc7 Nb6 32. Nh7 1-0

[Event "Ontario op"]
[Site "Toronto CAN"]
[Date "2022.05.21"]
[Round "1.4"]
[White "Demchenko, Svitlana"]
[Black "Plotkin, Mark"]
[Result "0-1"]
[WhiteElo "2244"]
[BlackElo "2528"]
[PlyCount "130"]
[EventDate "2022.05.21"]
[EventType "swiss"]
[EventRounds "6"]
[EventCountry "CAN"]

1. d4 Nf6 2. c4 g6 3. Nc3 d5 4. cxd5 Nxd5 5. e4 Nxc3 6. bxc3 Bg7 7. Qa4+ Nd7 8.
Nf3 O-O 9. Be2 c5 10. O-O a6 11. Qa3 Qc7 12. Bg5 Nf6 13. Bd3 Rd8 14. h3 b5 15.
Rfe1 Bb7 16. Rac1 h6 17. Bd2 Nh5 18. Bf1 Rac8 19. Qb3 Nf6 20. Qb1 e6 21. c4
bxc4 22. Bxc4 Nd7 23. dxc5 Ne5 24. Nxe5 Rxd2 25. Nd3 Bc6 26. Rc2 Rxc2 27. Qxc2
Qa5 28. Qb1 Bc3 29. Re2 Bb5 30. Rc2 Bc6 31. Qb3 Bd4 32. Qb6 Qxb6 33. cxb6 a5
34. Nb2 Bxb6 35. Bb5 Bd7 36. Rxc8+ Bxc8 37. Nc4 Bc7 38. Kf1 Bb7 39. f3 Kg7 40.
Ke2 Kf6 41. Ke3 Kg5 42. e5 Bd5 43. g3 h5 44. Nd6 Kh6 45. a4 f6 46. f4 fxe5 47.
Nf7+ Kg7 48. Nxe5 g5 49. Nd3 h4 50. gxh4 gxh4 51. Ne5 Bg2 52. Nf3 Bd8 53. f5
exf5 54. Bd7 Bxh3 55. Kf4 Bc7+ 56. Kg5 Bg4 57. Nd4 Bd8+ 58. Kf4 Kf6 59. Nxf5
Bh3 60. Bc8 Bc7+ 61. Ke4 Bg2+ 62. Ke3 h3 63. Kf2 Bc6 64. Ne3 h2 65. Ng4+ Ke7
0-1

[Event "Ontario op"]
[Site "Toronto CAN"]
[Date "2022.05.21"]
[Round "1.5"]
[White "Ghasi, Ameet K"]
[Black "Barron, Michael"]
[Result "1/2-1/2"]
[WhiteElo "2515"]
[BlackElo "2234"]
[PlyCount "131"]
[EventDate "2022.05.21"]
[EventType "swiss"]
[EventRounds "6"]
[EventCountry "CAN"]

1. Nf3 f5 2. d4 Nf6 3. Bg5 d5 4. e3 e6 5. Nbd2 Bd6 6. Bd3 O-O 7. Qe2 Nbd7 8.
Bf4 Ne4 9. h4 Ndf6 10. Ne5 c5 11. c3 Qb6 12. Rb1 c4 13. Bxe4 Nxe4 14. Nxe4 fxe4
15. Qg4 Rf5 16. f3 Bxe5 17. Bxe5 Rxe5 18. dxe5 Qxe3+ 19. Kf1 exf3 20. Re1 Qd3+
21. Kg1 fxg2 22. Rh2 Qd2 23. Qg3 Bd7 24. Rxg2 Qh6 25. Rf1 Rf8 26. Rxf8+ Kxf8
27. Qf2+ Ke8 28. Rg5 g6 29. Kh2 b6 30. Qf4 Qf8 31. Qxf8+ Kxf8 32. Rg4 a5 33.
Rf4+ Ke7 34. Kg3 Ba4 35. Rf2 Bd1 36. Kf4 h6 37. Rg2 Kf7 38. Ke3 h5 39. Kd4 Bg4
40. b3 cxb3 41. axb3 g5 42. Rf2+ Bf5 43. hxg5 Kg6 44. c4 dxc4 45. bxc4 h4 46.
Rb2 h3 47. Ke3 Kxg5 48. Kf3 Bd3 49. Rxb6 Bxc4 50. Kg3 Kf5 51. Rc6 Bf1 52. Rc1
Bg2 53. Ra1 Kxe5 54. Rxa5+ Kf6 55. Rh5 e5 56. Rh8 Kf5 57. Rh4 Ke6 58. Kf2 Kf5
59. Kg3 e4 60. Kf2 Kg5 61. Rh8 Kf4 62. Rh4+ Ke5 63. Ke3 Kf5 64. Rh8 Kg4 65. Kf2
Bf3 66. Rh7 1/2-1/2

[Event "Ontario op"]
[Site "Toronto CAN"]
[Date "2022.05.21"]
[Round "1.6"]
[White "Han, Johnathan"]
[Black "Rodrigue-Lemieux, Shawn"]
[Result "1/2-1/2"]
[WhiteElo "2234"]
[BlackElo "2512"]
[PlyCount "88"]
[EventDate "2022.05.21"]
[EventType "swiss"]
[EventRounds "6"]
[EventCountry "CAN"]

1. e4 c6 2. d4 d5 3. Nd2 dxe4 4. Nxe4 Nf6 5. Nxf6+ exf6 6. c3 Bd6 7. Bd3 O-O 8.
Ne2 Re8 9. Qc2 h5 10. Be3 Nd7 11. O-O-O Nf8 12. h3 Be6 13. Nf4 Bxf4 14. Bxf4 b5
15. Rhg1 Ng6 16. Bd2 Nh4 17. f3 Qd5 18. a3 Bf5 19. Rde1 Rxe1+ 20. Bxe1 Bxd3 21.
Qxd3 Ng6 22. Bd2 Re8 23. Re1 Rxe1+ 24. Bxe1 Qg5+ 25. Qd2 Nf4 26. h4 Nd3+ 27.
Kb1 Qg6 28. Ka2 Kf8 29. Bf2 Qxg2 30. Qxd3 Qxf2 31. Qf5 Qe2 32. Qxh5 Kg8 33. Qf5
Qc4+ 34. Kb1 Qd5 35. Qxd5 cxd5 36. a4 a6 37. axb5 axb5 38. f4 g5 39. hxg5 fxg5
40. fxg5 Kg7 41. b3 Kg6 42. c4 bxc4 43. bxc4 dxc4 44. Kc2 Kxg5 1/2-1/2

[Event "Ontario op"]
[Site "Toronto CAN"]
[Date "2022.05.21"]
[Round "1.7"]
[White "Thavandiran, Shiyam"]
[Black "Abrahams, Daniel"]
[Result "1/2-1/2"]
[WhiteElo "2474"]
[BlackElo "2226"]
[PlyCount "52"]
[EventDate "2022.05.21"]
[EventType "swiss"]
[EventRounds "6"]
[EventCountry "CAN"]

1. e4 c5 2. Nf3 e6 3. d4 cxd4 4. Nxd4 a6 5. Bd3 Nf6 6. O-O d6 7. Nd2 Be7 8. c3
Nbd7 9. f4 O-O 10. Qe2 e5 11. Nf5 exf4 12. Rxf4 Re8 13. Nxe7+ Qxe7 14. Nf1 Nc5
15. Ng3 d5 16. exd5 Nxd3 17. Qxd3 Qc5+ 18. Qd4 Qxd5 19. Qxd5 Nxd5 20. Rd4 Be6
21. Bd2 Rad8 22. Ne4 Ne7 23. Nd6 Nc6 24. Nxe8 Nxd4 25. cxd4 Rxe8 26. a3 Bd5
1/2-1/2

[Event "Ontario op"]
[Site "Toronto CAN"]
[Date "2022.05.21"]
[Round "1.8"]
[White "Huang, Youhe"]
[Black "Chiku-Ratte, Olivier-Kenta"]
[Result "0-1"]
[WhiteElo "2184"]
[BlackElo "2468"]
[PlyCount "110"]
[EventDate "2022.05.21"]
[EventType "swiss"]
[EventRounds "6"]
[EventCountry "CAN"]

1. e4 c5 2. Nf3 e6 3. d4 cxd4 4. Nxd4 Nc6 5. Nb5 d6 6. c4 Nf6 7. N1c3 a6 8. Nd4
Be7 9. Be2 O-O 10. O-O Bd7 11. Be3 Rc8 12. Qd2 Nxd4 13. Qxd4 Bc6 14. Rfd1 Nd7
15. Qd2 b6 16. f3 Qc7 17. Rac1 Qb8 18. Bf4 Ne5 19. a4 Bb7 20. b3 Rfd8 21. Qe1
d5 22. Qg3 Bd6 23. Kh1 Nxc4 24. Bxd6 Nxd6 25. exd5 exd5 26. Nxd5 Rxc1 27. Ne7+
Kf8 28. Rxc1 Kxe7 29. Qxg7 Ne8 30. Qg5+ Kf8 31. Qh6+ Kg8 32. Rc4 Qe5 33. Rg4+
Ng7 34. h4 Rc8 35. Bd3 Kf8 36. Bxh7 Rc6 37. Qd2 Rd6 38. Qc1 Ne6 39. Qh6+ Ke7
40. Bc2 Qe2 41. Be4 Bxe4 42. Rxe4 Qd2 43. Qg7 Qc1+ 44. Kh2 Rd1 45. Qe5 Rh1+ 46.
Kg3 Qc5 47. Qh8 Qd6+ 48. Kf2 Rb1 49. h5 Qc5+ 50. Kg3 Rh1 51. Re5 Qg1 52. Re4
Qh2+ 53. Kf2 Qxh5 54. Qa8 Qc5+ 55. Kg3 f5 0-1

[Event "Ontario op"]
[Site "Toronto CAN"]
[Date "2022.05.21"]
[Round "1.9"]
[White "Talukdar, Rohan"]
[Black "Lin, Leo"]
[Result "0-1"]
[WhiteElo "2454"]
[BlackElo "2160"]
[PlyCount "62"]
[EventDate "2022.05.21"]
[EventType "swiss"]
[EventRounds "6"]
[EventCountry "CAN"]

1. e4 c5 2. Nf3 d6 3. Bb5+ Bd7 4. Bxd7+ Nxd7 5. O-O Ngf6 6. Re1 e6 7. c3 Ne5 8.
d4 Nxf3+ 9. Qxf3 cxd4 10. cxd4 d5 11. e5 Nd7 12. Qg4 Qb6 13. Nc3 h5 14. Qf4 Bb4
15. h4 Rc8 16. Re3 Nf8 17. Rf3 Rc7 18. g3 Ng6 19. Qd2 Rc4 20. Rd3 O-O 21. Qd1
Rfc8 22. Ne2 Qc6 23. a3 Ba5 24. Bg5 b5 25. Nc3 Bb6 26. Rc1 Qd7 27. b3 R4c7 28.
Na2 Rxc1 29. Nxc1 Qc6 30. Qxh5 Qc2 31. Qg4 Nxe5 0-1

[Event "Ontario op"]
[Site "Toronto CAN"]
[Date "2022.05.21"]
[Round "1.10"]
[White "Filipovich, David"]
[Black "Plotkin, Victor"]
[Result "0-1"]
[WhiteElo "2150"]
[BlackElo "2392"]
[PlyCount "36"]
[EventDate "2022.05.21"]
[EventType "swiss"]
[EventRounds "6"]
[EventCountry "CAN"]

1. Nf3 Nf6 2. g3 d5 3. Bg2 c6 4. O-O Bf5 5. d3 h6 6. c4 e6 7. Qb3 Qb6 8. Be3
Qxb3 9. axb3 a6 10. Nc3 Nbd7 11. Rfc1 Be7 12. cxd5 exd5 13. Na4 O-O 14. Nd4 Bg6
15. Bh3 c5 16. Nf5 Bxf5 17. Bxf5 d4 18. Bxd4 cxd4 0-1

[Event "Ontario op"]
[Site "Toronto CAN"]
[Date "2022.05.21"]
[Round "1.11"]
[White "Jaferian, Koosha"]
[Black "Kasturi, M."]
[Result "1-0"]
[WhiteElo "2333"]
[BlackElo "2106"]
[PlyCount "41"]
[EventDate "2022.05.21"]
[EventType "swiss"]
[EventRounds "6"]
[EventCountry "CAN"]

1. e4 c5 2. Nc3 Nc6 3. Bb5 a6 4. Bxc6 bxc6 5. d3 d5 6. f4 d4 7. Nce2 Nf6 8. b3
g6 9. Nf3 Bh6 10. O-O Qc7 11. Qe1 Be6 12. Qh4 Bg7 13. Bd2 Ng4 14. f5 gxf5 15.
exf5 Bxf5 16. Qg5 e6 17. Qxg7 O-O-O 18. Bf4 Qb7 19. Ne5 Nxe5 20. Qxe5 Rhf8 21.
Qxc5 1-0

[Event "Ontario op"]
[Site "Toronto CAN"]
[Date "2022.05.21"]
[Round "1.12"]
[White "Pramanik, Projjwal"]
[Black "Humphreys, Michael"]
[Result "1-0"]
[WhiteElo "2071"]
[BlackElo "2331"]
[PlyCount "141"]
[EventDate "2022.05.21"]
[EventType "swiss"]
[EventRounds "6"]
[EventCountry "CAN"]

1. f4 d5 2. Nf3 Bg4 3. e3 Nd7 4. Be2 c6 5. b3 e6 6. O-O Bd6 7. Bb2 Ngf6 8. Ne5
Bxe2 9. Qxe2 O-O 10. d3 Qc7 11. Nxd7 Nxd7 12. Rf3 f6 13. Nd2 Rfe8 14. Rh3 e5
15. f5 b5 16. a4 a5 17. Qh5 Nf8 18. Qg4 Rab8 19. Nf1 bxa4 20. Rxa4 Rb4 21. Rxb4
axb4 22. Qd1 Ra8 23. Rf3 e4 24. dxe4 dxe4 25. Rf2 Be5 26. Bxe5 Qxe5 27. Qd4
Qxd4 28. exd4 Rd8 29. Rd2 g6 30. g4 h5 31. h3 hxg4 32. hxg4 gxf5 33. gxf5 Nh7
34. Kf2 Ng5 35. Ke3 Kg7 36. Ng3 Rh8 37. Rg2 Rh3 38. Ke2 Kf7 39. Ke3 Ke7 40. Kf4
Rh4+ 41. Ke3 Rg4 42. Kf2 Rf4+ 43. Ke3 Rf3+ 44. Ke2 Rc3 45. Kd1 Rf3 46. Ke2 Rf4
47. Rf2 Rg4 48. Nf1 Kd6 49. Ke3 Kd5 50. Rh2 Rg1 51. Kf2 Nf3 52. Rh6 Kxd4 53.
Rxf6 c5 54. Re6 Rg8 55. Ng3 Nd2 56. f6 Kd5 57. Re7 Nb1 58. Nxe4 Na3 59. f7 Rf8
60. Ng5 Nxc2 61. Nh7 Rxf7+ 62. Rxf7 Nd4 63. Rd7+ Ke4 64. Ng5+ Kd3 65. Ne6 Kc3
66. Nxc5 Nxb3 67. Nxb3 Kxb3 68. Ke2 Kc2 69. Rc7+ Kb2 70. Kd2 b3 71. Rb7 1-0

[Event "Ontario op"]
[Site "Toronto CAN"]
[Date "2022.05.21"]
[Round "1.13"]
[White "Derraugh, Geordie"]
[Black "Gavrilin, Roman"]
[Result "0-1"]
[WhiteElo "2330"]
[BlackElo "2066"]
[PlyCount "80"]
[EventDate "2022.05.21"]
[EventType "swiss"]
[EventRounds "6"]
[EventCountry "CAN"]

1. e4 c5 2. Nf3 d6 3. d4 cxd4 4. Nxd4 Nf6 5. Nc3 a6 6. Be2 e5 7. Nb3 Be7 8. Be3
Be6 9. Nd5 Bxd5 10. exd5 Nbd7 11. a4 b6 12. a5 b5 13. O-O O-O 14. c4 bxc4 15.
Bxc4 Qc7 16. Qe2 Qb7 17. Rfd1 Rfc8 18. Ra3 Ne4 19. Bb6 f5 20. Bd3 Nxb6 21. axb6
Qxb6 22. Na5 Rf8 23. Nc6 Bg5 24. Rf1 Rf7 25. Rxa6 Rxa6 26. Bxa6 g6 27. Bc8 Kg7
28. b4 h5 29. Qa6 Be3 30. Qxb6 Bxb6 31. Ba6 Kf6 32. Bd3 Nc3 33. Ra1 e4 34. Bc4
e3 35. fxe3 f4 36. Kf1 fxe3 37. Ra6 Kg5+ 38. Ke1 Rf2 39. Rxb6 Rd2 40. Bb3 Rxg2
0-1

[Event "Ontario op"]
[Site "Toronto CAN"]
[Date "2022.05.21"]
[Round "1.14"]
[White "Gao, Raymond"]
[Black "Ouellet, Maili-Jade"]
[Result "0-1"]
[WhiteElo "2058"]
[BlackElo "2300"]
[PlyCount "74"]
[EventDate "2022.05.21"]
[EventType "swiss"]
[EventRounds "6"]
[EventCountry "CAN"]

1. e4 d5 2. exd5 Qxd5 3. Nc3 Qd6 4. d4 Nf6 5. Nf3 a6 6. a4 Bg4 7. h3 Bh5 8. g4
Bg6 9. Ne2 Nc6 10. c3 h5 11. g5 Nd5 12. Bg2 h4 13. Ne5 Bh5 14. Qb3 Nxe5 15.
Bxd5 Rd8 16. Qxb7 Qxd5 17. Qxd5 Rxd5 18. dxe5 Rxe5 19. Be3 e6 20. Nf4 Bf3 21.
Rg1 Be7 22. g6 f6 23. Kd2 O-O 24. b4 a5 25. b5 Rd8+ 26. Kc2 Re4 27. Nd3 e5 28.
Nc5 Rxe3 29. fxe3 Bxc5 30. Rge1 Be4+ 31. Kb3 Rd2 32. Rad1 Bc2+ 33. Kc4 Bxd1 34.
Kxc5 Rd6 35. b6 Bxa4 36. Ra1 Be8 37. b7 Rb6 0-1

[Event "Ontario op"]
[Site "Toronto CAN"]
[Date "2022.05.21"]
[Round "2.1"]
[White "Plotkin, Victor"]
[Black "Preotu, Razvan"]
[Result "1-0"]
[WhiteElo "2392"]
[BlackElo "2629"]
[PlyCount "143"]
[EventDate "2022.05.21"]
[EventType "swiss"]
[EventRounds "6"]
[EventCountry "CAN"]

1. e4 c5 2. Nf3 d6 3. Bb5+ Nd7 4. O-O a6 5. Bd3 Ngf6 6. Re1 e6 7. c4 Ne5 8. Bf1
Be7 9. Nc3 O-O 10. d3 Nfd7 11. Be3 Nxf3+ 12. Qxf3 Ne5 13. Qe2 Nc6 14. f4 Bf6
15. g3 Qa5 16. Qd2 Bd7 17. Bg2 Rfd8 18. Rad1 b5 19. e5 dxe5 20. Ne4 Qxd2 21.
Rxd2 exf4 22. Nxf6+ gxf6 23. gxf4 Be8 24. Red1 Rac8 25. Bxc5 bxc4 26. dxc4 Rxd2
27. Rxd2 Na5 28. Be7 Nxc4 29. Rc2 Nb6 30. Rxc8 Nxc8 31. Bc5 a5 32. Bb7 Bd7 33.
a4 f5 34. b4 axb4 35. Bxb4 Na7 36. a5 f6 37. Bc5 Nc6 38. a6 e5 39. a7 Nxa7 40.
Bd5+ Kg7 41. Bxa7 exf4 42. Bb8 Bb5 43. Kf2 Bd3 44. Kf3 Kg6 45. Kxf4 Bc2 46. Bf3
Bb1 47. Bd6 Bc2 48. Bc6 Bb1 49. Be8+ Kg7 50. h4 Be4 51. Ke3 Bc2 52. Be7 Bb1 53.
Bb5 Kg6 54. Bd3 Ba2 55. Kf4 Be6 56. Bd8 Bd7 57. Be2 Be6 58. Bc7 Bd7 59. Ke3 Bc6
60. Bf4 Bb7 61. Kd4 Kf7 62. Kc5 Be4 63. Kd6 Bc2 64. Bh5+ Kg7 65. Ke6 Bd3 66.
Be3 Be4 67. Bd4 Kh6 68. Be8 f4 69. Kxf6 Bg6 70. Bd7 Kh5 71. Bf2 f3 72. Ke5 1-0

[Event "Ontario op"]
[Site "Toronto CAN"]
[Date "2022.05.21"]
[Round "2.2"]
[White "Sambuev, Bator"]
[Black "Jaferian, Koosha"]
[Result "1-0"]
[WhiteElo "2568"]
[BlackElo "2333"]
[PlyCount "67"]
[EventDate "2022.05.21"]
[EventType "swiss"]
[EventRounds "6"]
[EventCountry "CAN"]

1. Nf3 d5 2. e3 Nf6 3. d4 c5 4. c4 cxd4 5. exd4 g6 6. Nc3 Bg7 7. Be2 O-O 8. O-O
Nc6 9. Re1 dxc4 10. Bxc4 Na5 11. Bf1 Nd5 12. Bg5 Nc6 13. Qb3 Be6 14. Qxb7 Nxd4
15. Nxd4 Bxd4 16. Rad1 Nxc3 17. bxc3 Qb6 18. Qf3 Bc5 19. h4 Rac8 20. h5 Qc6 21.
Qg3 Bd6 22. Qh4 Qxc3 23. Re3 Qc2 24. hxg6 hxg6 25. Rxd6 Rc5 26. Rdxe6 fxe6 27.
Rh3 Qxf2+ 28. Qxf2 Rxf2 29. Kxf2 Rxg5 30. Bc4 Kf7 31. Rf3+ Rf5 32. g4 Rf6 33.
g5 Rf5 34. Bd3 1-0